Districts in Afyonkarahisar - Statistics

General Stats
  • This quiz has been taken 13 times
  • The average score is 13 of 18
Answer Stats
District % Correct
Afyonkarahisar Merkez
100%
Bolvadin
100%
Çay
100%
Dinar
100%
Emirdağ
100%
Sandıklı
83%
Şuhut
83%
Bayat
67%
Dazkırı
67%
Hocalar
67%
İhsaniye
67%
İscehisar
67%
Sinanpaşa
67%
Sultandağı
67%
Başmakçı
50%
Çobanlar
50%
Evciler
50%
Kızılören
50%
No matching quizzes found
Score Distribution
Percent of People with Each Score
Percentile by Number Answered
Your Score History
You have not taken this quiz